000 004460000a22001810004500
003 MACL
005 20150705160628.0
008 150705b xxu||||| |||| 00| 0 eng d
040 _aMACL
_cMACL
041 _aEnglish
082 _a307/PIL
100 _aPillai,P. Gopinadhan
_9946
245 _aRural Development in India
260 _aJaipur
_bPointer Publishers
_c2008
350 _a995
650 _asociology
_919
942 _cBK
_k307/PIL
_2ddc
999 _c47730
_d47730